Tự động hóa với simatic S7-300

Lí thuyết cơ bản về tự động hoá. Sử dụng ngôn ngữ lập trình STL trong tự động hoá. Kĩ thuật lập trình. Hướng dẫn sử dụng phần mềm STED 7 Module PID trong điều khiển học.

Αποθηκεύτηκε σε:
Λεπτομέρειες βιβλιογραφικής εγγραφής
Κύριος συγγραφέας: Nguyễn, Doãn Phước
Μορφή: Βιβλίο
Γλώσσα:Undetermined
Έκδοση: Hà Nội Khoa học và Kỹ thuật 2006
Θέματα:
Ετικέτες: Προσθήκη ετικέτας
Δεν υπάρχουν, Καταχωρήστε ετικέτα πρώτοι!
Thư viện lưu trữ: Trung tâm Học liệu Trường Đại học Cần Thơ
LEADER 00960nam a2200205Ia 4500
001 CTU_101272
008 210402s9999 xx 000 0 und d
020 |c 38000 
082 |a 004.3 
082 |b Ph557 
100 |a Nguyễn, Doãn Phước 
245 0 |a Tự động hóa với simatic S7-300 
245 0 |c Nguyễn Doãn Phước, Phan Xuân Minh, Vũ Vân Hà 
260 |a Hà Nội 
260 |b Khoa học và Kỹ thuật 
260 |c 2006 
520 |a Lí thuyết cơ bản về tự động hoá. Sử dụng ngôn ngữ lập trình STL trong tự động hoá. Kĩ thuật lập trình. Hướng dẫn sử dụng phần mềm STED 7 Module PID trong điều khiển học. 
650 |a Programmable controllers,SIMATIC S7 (Computer system),STEP 7 (Computer program language) 
904 |i Hạ Nguyên 
980 |a Trung tâm Học liệu Trường Đại học Cần Thơ